000 01568cam a22004094i 4500
003 PE-LiUPU
005 20250731173202.0
008 150625s r 000 0 d
035 _a(Sirsi) a30246
040 _aPE-LiUPU
_bspa
_cPE-LiUPU
_erda
082 0 4 _a205
_bBC/F49
_221
100 1 _aField, Anne,
_eautor.
245 1 0 _aDe las Tinieblas a la Luz :
_bLo que Significaba llegar a ser cristiano en la Iglesia Primitiva.
264 1 _aBilbao :
_bDesclée de Brouwer,
_c1988.
300 _a263 páginas ;
_c19 cm.
336 _atext
_2rdacontent
337 _aunmediated
_2rdamedia
338 _avolume
_2rdacarrier
490 0 _aBiblioteca Catecumenal
505 0 _aIntroducción del Obispo -El mensaje del Evangelio -El credo, resumen de la fe cristiana -El escrutinio y la entrega del Padre Nuestro -El significado del Bautismo -Los ritos de iniciación -Las enseñanzas post-bautismales -La nueva vida en el Espíritu.
526 _aSEG42
526 _aSEG41
526 _aSEG40
526 _aSEG39
526 _aP94
526 _aP87
526 _aP86
526 _aP85
526 _aP77
526 _aP76
526 _aP35
942 _2ddc
_cBOOK
949 _a205 BC/F49
_wDEWEY
_c1
_i37130
_lCCODEBUL1
_mBUL
_p00.00
_r0
_sY
_tBOOK
_u2015-06-25
_xBIBLIOTECA
_zUNKNOWN
_0COMPRA
_o.STAFF. Colección General
596 _a1
999 _a205 BC/F49
_wDEWEY
_c37681
_i37130
_f2021-11-11
_g5
_lCCODEBUL1
_mBUL
_r0
_sY
_tBOOK
_u2015-6-25
_xTEOLOGIA
_zUNKNOWN
_0COMPRA
_o.STAFF. Colección General
_d37681
980 _81
_gALBERTO SANCHEZ Responsable de Automatización